000
00265nam a2200109Ia 4500
008
220204s9999 xx 000 0 und d
082
_a
334.743.6
_b
CRE
100
_a
CREW, Michael A
245
0
_a
Theory of the firm
260
_a
New York
_b
Longman
_c
1975
942
_c
BK
999
_c
24865
_d
24865